| 000 | 00438nmm a2200157Ia 4500 | ||
|---|---|---|---|
| 008 | 251105s9999||||xx |||||||||||||||||und|| | ||
| 020 | _a9789587711929 | ||
| 041 | _aspa | ||
| 100 | _aManchego, Diego | ||
| 245 | 0 | _aConcretos con cenizas volantes | |
| 264 |
_a[Bogotá, Colombia] : _bEcoe Ediciones, _c2015 |
||
| 300 | _a116 páginas | ||
| 650 | _aEngineering | ||
| 856 | _uhttps://public.digitaliapublishing.com/a/70579 | ||
| 942 | _cCF | ||
| 999 |
_c96170 _d96170 |
||